Missing Word: 1970s 'E' Song Endings Quiz Stats

 Plays Quiz Updated Jul 7, 2020

Support Sporcle.
Go Orange.
Score 0/16 Timer 04:00
0 Plays Today
Song Missing Word % Correct
Fly Like an _____Eagle
95.3%
Give Me Love (Give Me Peace on _____)Earth
91.9%
It Don't Come _____Easy
89.5%
Can't Get _____Enough
89.3%
Theme from Close _____Encounters
86%
Weekend in New _____England
85.4%
I Just Want to Be Your _____Everything
76.9%
Doctor, My _____Eyes
74.1%
Song Missing Word % Correct
The Agony and the _____Ecstasy
64.1%
Stoney _____End
61%
Sweet _____Emotion
57.7%
In the _____Evening
43.7%
Trans-Europe _____Express
41.5%
Wake Up _____Everybody
27.3%
Mercy Mercy Me (The _____)Ecology
16%
Broken _____English
12.2%

Today's Daily Dose

From the Vault

Saturday Sudoku LVI

by strokes_static

Well it is Saturday, what else were you going to do?
Remove Ads.
Support Sporcle.
Get the best of Sporcle when you Go Orange. This ad-free experience offers more features, more stats, and more fun while also helping to support Sporcle. Thank you for becoming a member.

Show Comments

Extras

Top Quizzes Today


Score Distribution

Your Account Isn't Verified!

In order to create a playlist on Sporcle, you need to verify the email address you used during registration. Go to your Sporcle Settings to finish the process.

Report this User

Report this user for behavior that violates our Community Guidelines.

Details: